000 00493nam a22001937a 4500
005 20251108170905.0
008 250721s9999 xx 000 0 ara d
082 1 4 _a760/راف
100 1 _aالناصري، رافع
245 1 0 _aفن الغرافيك المعاصر /
264 _c[19-].
300 _a115ص
650 1 7 _aفن الغرافيك
650 1 7 _aفن الطباعة
650 1 7 _aفن الحفر
650 1 7 _aالرسامون
942 _2ddc
_cBK
999 _c51441
_d51441